Spell the Marvel Hero #71 - Statistics

General Stats
  • This quiz has been taken 12 times
  • The average score is 8 of 9
Answer Stats
Picture Answer % Correct
Doctor Strange
100%
Iron Lad
100%
Punisher
100%
Rocket Raccoon
100%
Union Jack
100%
Kitty Pryde
89%
Spider-UK
89%
Excalibur
78%
Sabra
56%
No matching quizzes found
Score Distribution
Percent of People with Each Score
Percentile by Number Answered
Your Score History
You have not taken this quiz